[Event "Kesarovski Georgiev Memorial 5th"]
[Site "Sunny Beach"]
[Date "2006.09.08"]
[Round "7.26"]
[White "Kolas, Tore"]
[Black "Kirilov, Kiril"]
[Result "1-0"]
[WhiteElo "2169"]
[BlackElo "1607"]
[PlyCount "73"]
[EventDate "2006.09.02"]
[EventType "swiss"]
[EventRounds "9"]
[EventCountry "BUL"]
[SourceTitle "CBM 114 Extra"]
[Source "ChessBase"]
[SourceDate "2006.11.03"]
[SourceVersion "1"]
[SourceVersionDate "2006.11.03"]
[SourceQuality "1"]

1. e4 c6 2. d4 d5 3. Nc3 dxe4 4. Nxe4 Bf5 5. Ng3 Bg6 6. h4 h6 7. Nf3 Nd7 8. h5 Bh7 9. Bd3 Bxd3 10. Qxd3 Qc7 11. Bd2 e6 12. 0-0-0 Ngf6 13. Ne4 Nxe4 14. Qxe4 Nf6 15. Qe2 Bd6 16. g3 0-0-0 17. c4 c5 18. Kb1 Rhe8 19. Bc3 Qe7 20. Ne5 Kb8 21. f4 Rc8 22. b3 Red8 23. Rd3 Ne8 24. Rhd1 cxd4 25. Bxd4 Bc7 26. Qe3 a6 27. Nd7+ Ka8 28. Bc5 Nd6 29. Nb6+ Bxb6 30. Bxb6 Rd7 31. Qd4 Rc6 32. c5 f6 33. Qg1 Kb8 34. cxd6 Rcxd6 35. Rxd6 Rxd6 36. Rxd6 Qxd6 37. Qd4 1-0